Statistics for All 15 million+ cities

Click here to take the quiz!

General Stats

  • This quiz has been taken 82 times
  • The average score is 22 of 24

Answer Stats

PopulationCity% Correct
30.51 millionDelhi
99%
33.95 millionShanghai
99%
41.17 millionTokyo
99%
19.03 millionBeijing
97%
22.51 millionNew York City
97%
26.00 millionMumbai
96%
46.96 millionGuangzhou
95%
17.29 millionMoscow
95%
23.18 millionMexico City
94%
21.80 millionCairo
92%
17.81 millionLos Angeles
92%
23.06 millionSão Paulo
92%
31.62 millionJakarta
91%
15.67 millionIstanbul
90%
18.92 millionLagos
90%
26.53 millionManila
88%
25.92 millionSeoul
87%
17.93 millionKarachi
85%
17.02 millionKolkata
85%
18.42 millionBangkok
83%
15.47 millionTehran
82%
21.02 millionDhaka
81%
17.47 millionOsaka
78%
15.92 millionBuenos Aires
77%

Score Distribution

Percentile by Number Answered

Percent of People with Each Score

Your Score History

You have not taken this quiz